| 000 | nam a22 7a 4500 | ||
|---|---|---|---|
| 999 |
_c29324 _d29324 |
||
| 008 | 171127b xxu||||| |||| 00| 0 eng d | ||
| 020 | _a8170351839 | ||
| 050 | _aQH 183 .C66 1998 | ||
| 100 |
_aGautam, Ashutosh. _d1998. |
||
| 245 |
_aConservation and Management of Aquatic Resources / _cAshutosy, Gautam. |
||
| 250 | _a1st ed. | ||
| 260 |
_aIndia : _bDaya, _c1998. |
||
| 300 |
_a246p. : _bill. ; _e24cm. |
||
| 650 | _aWater quality management. | ||
| 942 |
_2lcc _cBOOKS _hQH 183 .G38 1998 _01 |
||